[Event "Collado Villalba op-A 27th"]
[Site "Collado Villalba"]
[Date "2010.08.22"]
[Round "3"]
[White "Marcos Herrero, Francisco"]
[Black "Sanchez Delgado, Lidia"]
[Result "1-0"]
[WhiteElo "1880"]
[BlackElo "2003"]
[PlyCount "59"]
[EventDate "2010.08.20"]
[EventType "swiss"]
[EventRounds "10"]
[EventCountry "ESP"]
[SourceTitle "CBM 138 Extra"]
[Source "ChessBase"]
[SourceDate "2010.10.29"]
[SourceVersion "1"]
[SourceVersionDate "2010.10.29"]
[SourceQuality "1"]

1. d4 Nf6 2. Nf3 g6 3. g3 Bg7 4. Bg2 0-0 5. c4 c5 6. Nc3 Nc6 7. d5 Na5 8. Nd2 d6 9. 0-0 b6 10. Qc2 Rb8 11. a3 Ba6 12. b3 e6 13. Bb2 e5 14. e4 Bh6 15. f4 Ng4 16. Nd1 exf4 17. Qc3 f6 18. gxf4 Bg7 19. b4 Nxc4 20. Nxc4 Rc8 21. b5 Bxb5 22. a4 Ba6 23. Bh3 Qd7 24. Nde3 f5 25. Qxg7+ Qxg7 26. Bxg7 Kxg7 27. Bxg4 fxg4 28. Rf2 Rcd8 29. Rd1 Rfe8 30. e5 1-0

[Event "San Sebastian Constitucion op 11th"]
[Site "San Sebastian"]
[Date "2009.12.05"]
[Round "6"]
[White "Ananian, Arman"]
[Black "Sanchez Delgado, Lidia"]
[Result "1/2-1/2"]
[WhiteElo "1777"]
[BlackElo "2020"]
[PlyCount "69"]
[EventDate "2009.11.30"]
[EventType "swiss"]
[EventRounds "9"]
[EventCountry "ESP"]
[SourceTitle "CBM 133 Extra"]
[Source "ChessBase"]
[SourceDate "2010.01.05"]
[SourceVersion "1"]
[SourceVersionDate "2010.01.05"]
[SourceQuality "1"]

1. e4 c5 2. Nf3 Nc6 3. d4 cxd4 4. Nxd4 g6 5. c4 Bg7 6. Be3 d6 7. Be2 Nf6 8. Nc3 0-0 9. Qd2 Bd7 10. h4 h5 11. Rc1 Rb8 12. f3 a6 13. Bg5 Nxd4 14. Qxd4 b5 15. b3 bxc4 16. Bxc4 Qa5 17. Qd2 Rfe8 18. Nd5 Qxd2+ 19. Kxd2 Nxd5 20. Bxd5 e6 21. Bc6 Bxc6 22. Rxc6 d5 23. exd5 exd5 24. Rxa6 Rb4 25. Be3 Rb7 26. Bc5 Rc8 27. b4 Bf8 28. Bxf8 Kxf8 29. a3 Rbc7 30. Kd3 Rc2 31. Rg1 R8c4 32. b5 R2c3+ 33. Kd2 Rc2+ 34. Kd3 R2c3+ 35. Kd2 1/2-1/2

[Event "ESP-ch (Women)"]
[Site "Almansa"]
[Date "2009.07.29"]
[Round "2"]
[White "Sanchez Delgado, Lidia"]
[Black "Gonzalez Perez, Lutgarda"]
[Result "0-1"]
[WhiteElo "2006"]
[BlackElo "2140"]
[PlyCount "80"]
[EventDate "2009.07.28"]
[EventType "swiss"]
[EventRounds "7"]
[EventCountry "ESP"]
[SourceTitle "CBM 131 Extra"]
[Source "ChessBase"]
[SourceDate "2009.09.03"]
[SourceVersion "2"]
[SourceVersionDate "2009.09.16"]
[SourceQuality "1"]

1. e4 c6 2. d4 d5 3. Nc3 dxe4 4. Nxe4 Nf6 5. Nxf6+ gxf6 6. Nf3 Bg4 7. c3 Nd7 8. g3 Bg7 9. Bg2 Qa5 10. h3 Be6 11. Qc2 Rd8 12. 0-0 Qh5 13. h4 0-0 14. b3 Bd5 15. Ne1 Bxg2 16. Nxg2 e5 17. Ba3 Rfe8 18. Rad1 Bf8 19. Bc1 Nb6 20. dxe5 fxe5 21. Rxd8 Rxd8 22. Bg5 Rd6 23. c4 Re6 24. Rd1 f6 25. Be3 Qe8 26. Qf5 Nc8 27. h5 Nd6 28. Qg4+ Kh8 29. Nh4 Qf7 30. c5 f5 31. Qf3 e4 32. Bd4+ Kg8 33. Qg2 Qxh5 34. Re1 Nb5 35. Be3 Nc3 36. Qf1 Nd5 37. Qc4 Bh6 38. Bd4 Qg4 39. Qc2 Bg5 40. Ng2 Rh6 0-1

[Event "Galapagar op 10th"]
[Site "Galapagar"]
[Date "2009.07.22"]
[Round "5"]
[White "Sanchez Delgado, Lidia"]
[Black "Lozano Sanchez, Jose Antonio"]
[Result "1-0"]
[WhiteElo "2006"]
[BlackElo "1930"]
[PlyCount "77"]
[EventDate "2009.07.18"]
[EventType "swiss"]
[EventRounds "9"]
[EventCountry "ESP"]
[SourceTitle "EXT 2010"]
[Source "ChessBase"]
[SourceDate "2010.11.25"]
[SourceVersion "1"]
[SourceVersionDate "2010.11.25"]
[SourceQuality "1"]

1. e4 e5 2. Nf3 Nc6 3. d4 exd4 4. Nxd4 Bc5 5. Be3 Qf6 6. c3 Nge7 7. Bc4 d6 8. f3 0-0 9. 0-0 Be6 10. Be2 Qg6 11. Kh1 Bd7 12. Nd2 Rad8 13. f4 f5 14. Bc4+ Kh8 15. Rf3 Bxd4 16. cxd4 fxe4 17. Rg3 Qe8 18. Qc2 d5 19. Bf1 Nf5 20. Rh3 Nxe3 21. Rxe3 Rxf4 22. Qc5 Be6 23. Bb5 Qf8 24. Qc3 Rd6 25. Nb3 a6 26. Be2 Bg4 27. g3 Bf3+ 28. Kg1 Rg6 29. Bxf3 Rxf3 30. Rxf3 Qxf3 31. Rf1 Rf6 32. Rxf3 Rxf3 33. Qd2 Ne7 34. Qg5 Rf6 35. Qe5 Rf7 36. Qe6 Kg8 37. Nc5 Kf8 38. Nd7+ Ke8 39. Ne5 1-0

[Event "Galapagar op 10th"]
[Site "Galapagar"]
[Date "2009.07.21"]
[Round "4"]
[White "Semprun Martinez, Fernando M"]
[Black "Sanchez Delgado, Lidia"]
[Result "1/2-1/2"]
[WhiteElo "2179"]
[BlackElo "2006"]
[PlyCount "52"]
[EventDate "2009.07.18"]
[EventType "swiss"]
[EventRounds "9"]
[EventCountry "ESP"]
[SourceTitle "EXT 2010"]
[Source "ChessBase"]
[SourceDate "2010.11.25"]
[SourceVersion "1"]
[SourceVersionDate "2010.11.25"]
[SourceQuality "1"]

1. e4 c5 2. Nf3 Nc6 3. d4 cxd4 4. Nxd4 g6 5. Nc3 Bg7 6. Nb3 Nf6 7. Be2 0-0 8. 0-0 d6 9. Re1 Be6 10. Bf1 a6 11. Nd5 Ne5 12. Bg5 Bxd5 13. exd5 Rc8 14. c3 Qd7 15. Qd2 Rfe8 16. h3 Qa4 17. Be3 Qd7 18. Rad1 b5 19. Bd4 Qf5 20. Bxe5 dxe5 21. Qe3 e4 22. Nc5 Nxd5 23. Rxd5 Qxd5 24. Nxa6 Qxa2 25. Bxb5 Red8 26. Qe2 Bf6 1/2-1/2

[Event "ESP-ch U16"]
[Site "Linares"]
[Date "2007.07.24"]
[Round "4"]
[White "Sanchez Delgado, Lidia"]
[Black "Arribas Lopez, Angel"]
[Result "0-1"]
[WhiteElo "2053"]
[BlackElo "2292"]
[PlyCount "70"]
[EventDate "2007.07.22"]
[EventType "swiss"]
[EventRounds "9"]
[EventCountry "ESP"]
[SourceTitle "EXT 2008"]
[Source "ChessBase"]
[SourceDate "2007.11.25"]
[SourceVersion "1"]
[SourceVersionDate "2007.11.25"]
[SourceQuality "1"]

1. e4 c5 2. Nf3 d6 3. d4 cxd4 4. Nxd4 Nf6 5. Nc3 g6 6. Be3 Bg7 7. Bc4 0-0 8. f3 Nc6 9. Qd2 Bd7 10. h4 h5 11. 0-0-0 Rb8 12. Bb3 Na5 13. Bh6 b5 14. Bxg7 Kxg7 15. Rdg1 Nc4 16. Qd3 Qb6 17. Nd5 Nxd5 18. exd5 Qc5 19. g4 Rh8 20. Kb1 hxg4 21. fxg4 Ne5 22. Qe4 a5 23. c3 a4 24. Bc2 b4 25. c4 Qxc4 26. Rc1 Qa6 27. h5 b3 28. axb3 axb3 29. Bxb3 Rxb3 30. Nxb3 Ra8 31. Nc5 Qa2+ 32. Kc2 Rc8 33. Kd2 Bxg4 34. hxg6 fxg6 35. Qxg4 Qxd5+ 0-1

[Event "La Roda op 34th"]
[Site "La Roda"]
[Date "2007.04.08"]
[Round "9"]
[White "Sanchez Delgado, Lidia"]
[Black "Antoli Royo, Joaquin Miguel"]
[Result "0-1"]
[WhiteElo "2025"]
[BlackElo "2356"]
[PlyCount "100"]
[EventDate "2007.04.04"]
[EventType "swiss"]
[EventRounds "9"]
[EventCountry "ESP"]
[SourceTitle "CBM 117 Extra"]
[Source "ChessBase"]
[SourceDate "2007.05.09"]
[SourceVersion "1"]
[SourceVersionDate "2007.05.09"]
[SourceQuality "1"]

1. e4 c5 2. Nf3 Nc6 3. d4 cxd4 4. Nxd4 Qc7 5. Nc3 e6 6. Be2 a6 7. 0-0 b5 8. Be3 Bb7 9. Nb3 Nf6 10. Nc5 Bc8 11. f3 d6 12. Nd3 Bb7 13. a3 Be7 14. Qe1 Na5 15. Qg3 Nc4 16. Bc1 0-0 17. Kh1 Rac8 18. b3 Nxa3 19. Bxa3 Qxc3 20. e5 Nh5 21. Qf2 Bg5 22. f4 Nxf4 23. Nxf4 b4 24. exd6 bxa3 25. Bc4 Bf6 26. Rxa3 Qb4 27. Ra4 Qxd6 28. Bd3 Rc5 29. Qe2 Re5 30. Qd1 Rd8 31. Nh5 Bxg2+ 32. Kxg2 Qd5+ 33. Qf3 Rxh5 34. Qxd5 Rhxd5 35. Rxa6 Rh5 36. Rd1 g6 37. Rf1 Be5 38. h3 Rg5+ 39. Kf3 Rg3+ 40. Ke4 Bb8 41. Rf3 f5+ 42. Ke3 Rxf3+ 43. Kxf3 e5 44. Bc4+ Kg7 45. Re6 Kh6 46. Re7 e4+ 47. Ke3 Bd6 48. Re6 Kg5 49. Ke2 Bf4 50. Ke1 Kh4 0-1

[Event "Madrid-ch sf-B"]
[Site "Madrid"]
[Date "2007.01.27"]
[Round "7"]
[White "Aziz Ortego, Omar Luis"]
[Black "Sanchez Delgado, Lidia"]
[Result "1-0"]
[WhiteElo "2107"]
[BlackElo "2036"]
[PlyCount "93"]
[EventDate "2007.01.11"]
[EventType "swiss"]
[EventRounds "9"]
[EventCountry "ESP"]
[SourceTitle "EXT 2008"]
[Source "ChessBase"]
[SourceDate "2007.11.25"]
[SourceVersion "1"]
[SourceVersionDate "2007.11.25"]
[SourceQuality "1"]

1. e4 c5 2. Nc3 Nc6 3. g3 g6 4. Bg2 Bg7 5. f4 d6 6. d3 e6 7. Nge2 Nge7 8. 0-0 0-0 9. Be3 Nd4 10. h3 Nec6 11. g4 f5 12. gxf5 exf5 13. Rb1 Be6 14. Nd5 Qd7 15. Kh2 Nxe2 16. Qxe2 Rae8 17. Qd2 b5 18. b4 Bxd5 19. exd5 Nxb4 20. Bf2 Nxa2 21. d4 cxd4 22. Bxd4 Bxd4 23. Qxd4 Rc8 24. Ra1 Rxc2 25. Rf2 Rc4 26. Qb2 Nb4 27. Bf1 Re4 28. Qd2 Rc8 29. Rc1 Rxc1 30. Qxc1 a5 31. Qd2 a4 32. Bg2 Rc4 33. Rf3 Qf7 34. Re3 Rxf4 35. Rc3 g5 36. Rc8+ Kg7 37. Qc3+ Kg6 38. Qh8 Kh5 39. Rf8 Qe7 40. Re8 Qf7 41. Rg8 Kh6 42. Rf8 Qe7 43. Rf6+ Kh5 44. Re6 Qf7 45. Qd8 Qg7 46. Qe8+ Kh4 47. Qg8 1-0

[Event "Madrid-ch sf-B"]
[Site "Madrid"]
[Date "2007.01.12"]
[Round "2"]
[White "Semprun Martinez, Fernando M"]
[Black "Sanchez Delgado, Lidia"]
[Result "1-0"]
[WhiteElo "2185"]
[BlackElo "2036"]
[PlyCount "49"]
[EventDate "2007.01.11"]
[EventType "swiss"]
[EventRounds "9"]
[EventCountry "ESP"]
[SourceTitle "EXT 2008"]
[Source "ChessBase"]
[SourceDate "2007.11.25"]
[SourceVersion "1"]
[SourceVersionDate "2007.11.25"]
[SourceQuality "1"]

1. e4 c5 2. Nf3 Nc6 3. d4 cxd4 4. Nxd4 g6 5. Nc3 Bg7 6. Be3 Nf6 7. Bc4 Qa5 8. 0-0 0-0 9. Nb3 Qd8 10. Bg5 d6 11. Re1 Ne5 12. Bf1 Be6 13. Nd5 Bxd5 14. exd5 Rc8 15. c3 Re8 16. Qd4 a6 17. a4 Nh5 18. Qb4 h6 19. Be3 e6 20. Rad1 f5 21. dxe6 Rxe6 22. Nc5 Re7 23. Nxb7 Qf8 24. Rxd6 Nc6 25. Qc4+ 1-0

[Event "Patrimonio op 1st"]
[Site "Alcala de Henares"]
[Date "2006.10.12"]
[Round "6"]
[White "Sanchez Delgado, Lidia"]
[Black "Blanco Sanchez, Jose Fernando"]
[Result "1-0"]
[WhiteElo "2030"]
[BlackElo "2167"]
[PlyCount "85"]
[EventDate "2006.10.07"]
[EventType "swiss"]
[EventRounds "9"]
[EventCountry "ESP"]
[SourceTitle "CBM 114 Extra"]
[Source "ChessBase"]
[SourceDate "2006.11.03"]
[SourceVersion "1"]
[SourceVersionDate "2006.11.03"]
[SourceQuality "1"]

1. e4 c6 2. d4 d5 3. Nc3 g6 4. e5 Bf5 5. Nge2 h5 6. h4 Nh6 7. Nf4 e6 8. f3 Be7 9. g3 Nd7 10. Be2 c5 11. Be3 Qb6 12. Qd2 cxd4 13. Bxd4 Qc6 14. Bb5 Qc7 15. Ncxd5 exd5 16. e6 0-0 17. Bxd7 Kh7 18. Nxd5 Qxg3+ 19. Qf2 Qd6 20. Nxe7 Bxe6 21. Bxe6 Qxe6+ 22. Qe3 Qxe3+ 23. Bxe3 Rfe8 24. Nd5 Nf5 25. Nf6+ Kg7 26. Nxe8+ Rxe8 27. 0-0-0 Rxe3 28. Rd7 Rxf3 29. Rxb7 Rf4 30. Rxa7 Nxh4 31. a4 Nf3 32. b3 h4 33. a5 g5 34. a6 Rf6 35. Kb2 g4 36. Rd1 h3 37. Rd2 Rxa6 38. Rxa6 h2 39. Rd1 Ng1 40. Ra4 f5 41. Rd6 Kf7 42. Ra7+ Ke8 43. Rb6 1-0

[Event "Madrid Pueblo Nuevo Youth"]
[Site "Madrid"]
[Date "2006.05.27"]
[Round "2.4"]
[White "Sanchez Delgado, Lidia"]
[Black "Fernandez Lledo, Javier"]
[Result "0-1"]
[WhiteElo "2035"]
[BlackElo "1722"]
[PlyCount "74"]
[EventDate "2006.05.27"]
[EventType "swiss"]
[EventRounds "9"]
[EventCountry "ESP"]
[SourceTitle "EXT 2024"]
[Source "ChessBase"]
[SourceDate "2023.10.10"]
[SourceVersion "1"]
[SourceVersionDate "2023.10.10"]
[SourceQuality "1"]

1. e4 c5 2. Nf3 Nc6 3. d4 cxd4 4. Nxd4 Nf6 5. Nc3 e5 6. Ndb5 d6 7. Nd5 Nxd5 8. exd5 Ne7 9. c4 a6 10. Nc3 g6 11. Ne4 Bg7 12. Qa4+ Kf8 13. Bg5 h6 14. Bxe7+ Kxe7 15. Rd1 f5 16. Nc3 b5 17. cxb5 Bd7 18. Qh4+ g5 19. Qh5 axb5 20. Qg6 Bf6 21. Bxb5 Bxb5 22. Nxb5 Qd7 23. a4 h5 24. Rc1 Rag8 25. Qxg8 Rxg8 26. Rc7 Qxc7 27. Nxc7 Rc8 28. Kd2 Rxc7 29. a5 Rc5 30. Ra1 Rxd5+ 31. Kc3 Rb5 32. a6 Rb8 33. a7 Ra8 34. Kc4 Kd7 35. b4 e4 36. Ra6 Be5 37. Kd5 Kc7 0-1

[Event "ESP-ch U14"]
[Site "Mondariz"]
[Date "2005.07.09"]
[Round "7.4"]
[White "Sanchez Delgado, Lidia"]
[Black "Camacho Collados, Marcos"]
[Result "1/2-1/2"]
[WhiteElo "1898"]
[BlackElo "2016"]
[PlyCount "74"]
[EventDate "2005.07.06"]
[EventType "swiss"]
[EventRounds "8"]
[EventCountry "ESP"]
[SourceTitle "EXT 2024"]
[Source "ChessBase"]
[SourceDate "2023.10.10"]
[SourceVersion "1"]
[SourceVersionDate "2023.10.10"]
[SourceQuality "1"]

1. e4 e5 2. Nf3 Nf6 3. Nxe5 d6 4. Nf3 Nxe4 5. d4 d5 6. Bd3 Bd6 7. 0-0 0-0 8. c4 c6 9. cxd5 cxd5 10. Nc3 Nxc3 11. bxc3 Bg4 12. Rb1 Nd7 13. h3 Bh5 14. Rb5 Nb6 15. c4 Nxc4 16. Bxc4 Bxf3 17. Qxf3 dxc4 18. Rxb7 a5 19. Bd2 Bb4 20. Bxb4 axb4 21. Rxb4 Qxd4 22. Rc1 Rxa2 23. Rbxc4 Qd8 24. Qg4 Qb6 25. Qf4 Qa6 26. Rc6 Qa4 27. Qe5 Rd2 28. Qe1 Rdd8 29. R6c4 Qa2 30. R4c2 Qd5 31. Qf1 Qd3 32. Qxd3 Rxd3 33. Kf1 Rfd8 34. Ke2 R3d6 35. Rc8 Re6+ 36. Kf3 Rf6+ 37. Ke3 Re6+ 1/2-1/2

[Event "Albacete op 12th"]
[Site "Albacete"]
[Date "2004.09.02"]
[Round "3"]
[White "Sanchez Delgado, Lidia"]
[Black "Serna Lara, Sergio"]
[Result "0-1"]
[WhiteElo "1892"]
[BlackElo "2218"]
[PlyCount "80"]
[EventDate "2004.09.01"]
[EventType "swiss"]
[EventRounds "9"]
[EventCountry "ESP"]
[SourceTitle "CBM 102 Extra"]
[Source "ChessBase"]
[SourceDate "2004.11.03"]
[SourceVersion "1"]
[SourceVersionDate "2004.11.03"]
[SourceQuality "1"]

1. f4 d6 2. Nf3 Bg4 3. e4 Nc6 4. g3 Nf6 5. d3 e5 6. Bg2 Be7 7. 0-0 Qd7 8. fxe5 dxe5 9. Nbd2 Bc5+ 10. Kh1 0-0-0 11. b4 Bxb4 12. Rb1 Bc5 13. Bb2 Ne8 14. Bxe5 h5 15. Qc1 f6 16. Qb2 b6 17. Bc3 Nd4 18. a4 h4 19. gxh4 Nxf3 20. Nxf3 Bxf3 21. Rxf3 Rxh4 22. Be1 Rh8 23. Bg3 Bd6 24. a5 Bxg3 25. Rxg3 Qd6 26. Bh3+ Kb8 27. axb6 cxb6 28. Qa2 Rh5 29. Kg2 Qc7 30. Rb2 Nd6 31. Bg4 Rg5 32. Bf3 Nf7 33. Rb4 Rh8 34. e5 Qxe5 35. Rbg4 Rxg4 36. Bxg4 Nd6 37. h3 Re8 38. Bf3 Nf5 39. Rg4 Ne3+ 40. Kf2 Qh2+ 0-1

[Event "Galapagar op 05th"]
[Site "Galapagar"]
[Date "2004.07.25"]
[Round "2"]
[White "Sanchez Delgado, Lidia"]
[Black "Penalosa Pinilla, Jesus"]
[Result "0-1"]
[WhiteElo "1892"]
[BlackElo "2123"]
[PlyCount "76"]
[EventDate "2004.07.24"]
[EventType "swiss"]
[EventRounds "9"]
[EventCountry "ESP"]
[SourceTitle "CBM 101 Extra"]
[Source "ChessBase"]
[SourceDate "2004.09.01"]
[SourceVersion "2"]
[SourceVersionDate "2004.09.01"]
[SourceQuality "1"]

1. e4 c5 2. Nf3 Nc6 3. d4 cxd4 4. Nxd4 Nf6 5. Nc3 e6 6. Ndb5 Bb4 7. a3 Bxc3+ 8. Nxc3 d5 9. exd5 exd5 10. Bb5 d4 11. Ne2 Qa5+ 12. c3 Qxb5 13. Nxd4 Nxd4 14. Qxd4 0-0 15. c4 Re8+ 16. Be3 Qe5 17. 0-0-0 Qxd4 18. Rxd4 Bf5 19. Rf4 Bg6 20. Rd1 a6 21. c5 Rad8 22. Rxd8 Rxd8 23. Rb4 Be4 24. f3 Bc6 25. Bg5 Rd5 26. Bxf6 gxf6 27. Rg4+ Rg5 28. Kd2 Rxg4 29. fxg4 Bxg2 30. Ke3 Kg7 31. Kf4 Kg6 32. h4 Bf1 33. h5+ Kg7 34. b4 Bb5 35. Kf5 Bd7+ 36. Kf4 Kh6 37. a4 Bxa4 38. Kf5 Bd7+ 0-1